000 00651nam a2200205Ii 4500
003 JO-AjNU
008 230605s9999||||xx |||||||||||||| ||und||
040 _aJO-AjNU
_bara
_erda
_cJO-AjNU
041 _aara
050 1 4 _aQA135.6 .S6412 2005
100 3 _a Sperry Smith , Susan ,
_eauthor
_922356
245 0 0 _aرياضيات الطفولة المبكرة
250 _aط1
264 3 1 _aغزة:دار الكتاب الجامعي، 2005
300 _a407ص
336 _atext
_btxt
_2rdacontent
337 _aunmediated
_bn
_2rdamedia
338 _avolume
_bnc
_2rdacarrier
650 4 _a الرياضيات -- تعليم و تدريس) 
_922357
999 _aA7921
_c11489
_d11489